000 00454nam a2200157 i 4500
001 21362
003 ES-MaACL
005 20230906152451.0
007 t|
008 021125s1945 sp ||||1| spa d
100 1 _aAlberni, Arturo.
_919286
245 1 0 _aMundo inmoral
_b: comedia dramática en tres actos /
_cArturo Alberni.
260 _aBarcelona :
_bMontaner y Simón,
_c1945.
300 _a101 p. ;
_c16 cm.
852 _aES-MaACL
_j1872-F-3
_bR.23977
999 _c21362
_d21362